| 000 | 00676nam a22002537a 4500 | ||
|---|---|---|---|
| 999 |
_c195839 _d195839 |
||
| 003 | OSt | ||
| 020 | _a9788172339678 | ||
| 082 |
_a591.5 _bBAL/WI |
||
| 100 | _aBalakrishnan, M | ||
| 245 | _aWildlife ecology and conservation | ||
| 260 |
_aJodhpur _bScientific Publishers _c2016 |
||
| 300 | _axx, 446p. | ||
| 440 | _a21st century biology and agriculture | ||
| 500 | _aWild life | ||
| 546 | _aEnglish | ||
| 650 | _aWildlife Populations | ||
| 650 | _aHabitats | ||
| 650 | _aOptimal foraging theory | ||
| 650 | _aHuman wild life conflict | ||
| 650 | _aWildlife farming and hunting | ||
| 650 | _aWildlife as pests | ||
| 650 | _aWildlife ecology | ||
| 942 |
_2ddc _cBK |
||